1637 1382 1022 1905 1219 1210 1204 1159 1724 1522 1927 1538 1928 1753 1855 1340 1592 1827 1890 1052 1897 1304 1501 1986 1630 1235 1144 1652 1908 1283 1318 1254 1345 1524 1814 1344 1839 1812 1112 1564 1303 1298 1572 1519 1356 1242 1425 1584 1579 1004 1684 1102 1998 1863 1710 1853 1226 1461 1101 1279 1783 1131 1018 1979 1823 1989 1332 1030 1004 1440 1320 1728 1444 1346 1169 1003 1145 1160 1850 1761 1121 1179 1841 1783 1101 1559 1515 1969 1475 1504 1939 1597 1642 1248 1897 1163 1758 1472 1551 BCNSPRNW ULIB Ver.6.0+V

เปลี่ยนเป็นภาษาไทย

Change to English
 แสดงรายละเอียดบรรณานุกรม
  กลับหน้าหลัก

Brief Record : Get Marc (ISO 2709) : E-mail record : QR code < ปิดหน้าต่าง
LEADER : 00000nas 2200000uu 4500
001    13399122437
003     ULIB
008    020711s|||| th a 000 0 tha d
022    08585814
110    โรงพยาบาลศรีสังวาลย์
245    วารสารโรงพยาบาลศรีสังวาลย์(วิทยาเขตนครสวรรค์)/^cโรงพยาบาลศรีสังวาลย์
260    แม่ฮ่องสอน :^bโรงพยาบาลศรีสังวาลย์,^cม.ป.ป.
310    ^aรายปี
850 ^a ULIB:campus^bปีที่ 21 ฉบับที่ 1 ;ปีที่ 23 ฉบับที่ 1 ฉ.1 ;ปีที่ 24 ฉบับที่ 1 ฉ.1
945    ^p0^l0^i800520
945    ^p0^l0^i801197
945    ^p0^l0^i801710
999    ^aทศพร เกษรทอง
รายการนี้ยังไม่มีแท็ก
คุณยังไม่ได้ล็อกอิน คุณสามารถมีกิจกรรมร่วมกับเว็บไซต์ได้ แต่ต้องล็อกอินก่อน ::
  ล็อกอิน

รายการสื่อสารสนเทศ (วารสาร)

ดูแบบ: กล่อง รายการ
ARRIVED
ปีที่ 21 ฉบับที่ 1
สถานที่: ห้องสมุดวิทยาเขตสวรรค์ประชารักษ์ >วารสาร
ARRIVED
ปีที่ 23 ฉบับที่ 1 ฉ.1
สถานที่: ห้องสมุดวิทยาเขตนครสวรรค์ >วารสาร
ARRIVED
ปีที่ 24 ฉบับที่ 1 ฉ.1
สถานที่: ห้องสมุดวิทยาเขตนครสวรรค์ >วารสาร

BibComment


ยังไม่เคยถูกคอมเมนท์

คอมเมนท์ทรัพยากรรายการนี้
  คอมเมนท์: วารสารโรงพยาบาลศร..


 Copyright 2026. Bcnsprnw @Library